Statistics for Newest Flags

Click here to take the quiz!

General Stats

  • This quiz has been taken 16 times
  • The average score is 17 of 20

Answer Stats

Answer% Correct
Serbia
94%
Montenegro
94%
Bosnia and Herzegovina
94%
Libya
94%
Afghanistan
94%
Kosovo
94%
Iraq
94%
Bahrain
94%
Georgia
94%
Mauritania
88%
Venezuela
88%
Myanmar
88%
Malawi
81%
Republic of the Congo
81%
East Timor
81%
Lesotho
81%
Comoros
81%
Rwanda
81%
South Sudan
81%
Tuvalu
63%

Score Distribution

Percentile by Number Answered

Percent of People with Each Score

Your Score History

You have not taken this quiz